000 00634nam a2200229Ia 4500
001 1977
003 GE_BSU
008 181216s||||||||xx |||||||||||||| ||und||
020 _a5732007954
040 _cGE_BSU
080 _a659.4
100 _aЗайка,Н.К.
245 _aПравовые основы средств массовой информации
245 _bУч-е пособие
260 _aСПБ
260 _bЗнание
260 _c2005
300 _a72стр. 19см.
541 _h3л.
653 _aПравовые основы средств массовой информации
942 _cBK
999 _c36077
_d36077